Fundamentals of biostatistics (Record no. 77716)

MARC details
000 -LEADER
fixed length control field 00295pam a2200121 a 4500
020 ## - INTERNATIONAL STANDARD BOOK NUMBER
Terms of availability
041 ## - LANGUAGE CODE
Language code of original
100 ## - MAIN ENTRY--PERSONAL NAME
Personal name Khan irfan ali ,
Relator term Khanum atiya .
245 ## - TITLE STATEMENT
Title Fundamentals of biostatistics
Medium Textual Documents
260 ## - PUBLICATION, DISTRIBUTION, ETC.
Place of publication, distribution, etc. Hyderabad :
Name of publisher, distributor, etc. Ukaaz Publication .
300 ## - PHYSICAL DESCRIPTION
Extent 533P.
930 ## - EQUIVALENCE OR CROSS-REFERENCE-UNIFORM TITLE HEADING [LOCAL, CANADA]
Uniform title 788
Holdings
Withdrawn status Lost status Damaged status Not for loan Collection Home library Current library Date acquired Source of acquisition Cost, normal purchase price Total Checkouts Full call number Barcode Date last seen Copy number Price effective from Koha item type
          Yashwantrao Mohite College of Arts, Science And Commerce, Pune Yashwantrao Mohite College of Arts, Science And Commerce, Pune 11/02/2021 Bharati Sahakari Madhyavarti Grahak Bhandar 340.00   YMP-150218 24/02/2023 1 24/02/2023 Book